000 00514nam a22001817a 4500
003 OSt
005 20251212024212.0
008 251212b |||||||| |||| 00| 0 eng d
020 _a978-1-84121-342-2
040 _aDWCL - Main Lib
_cOC
082 _aFic. M438h 2001
100 _aMatthews, Andrew
245 _aHenry V:
_ba Shakespeare story /
_cAndrew Matthews
260 _aLondon:
_bOrchard books,
_cc2001.
300 _a63 p.:
_bill.;
_c20 cm.
700 _aRoss, Tony
_eIllustrator
942 _2ddc
_cFIC.
_mFic.
_n0
999 _c7061
_d7061